Datum a čas kvízu
23
Celkem bodů
Celkový počet nahraných bodů na tomto kvízu bez doplňovacích otázek.
3.
Pořadí na kvízu
Konečné umístění týmu na tomto kvízu.
Zaznamenané odpovědi
| # | Otázka | Odpověď | Body | Výsledky |
|---|---|---|---|---|
| 1. | Českou republiku minulý týden... | Svjatlana Cichanouská (Světlana Tichanovská) | 1 | |
| 2. | Na první příčce žebříčku světo... | B | 1 | |
| 3. | Skupina Kabát oznámila poněkud... | A | 0 | |
| 4. | Jak se jmenuje středoamerický... | Salvador | 1 | |
| 5. | Minulý týden uzavřel svou boha... | David Limberský | 0 | |
| 6. | Nyní se podíváme do světa žen,... | Ashley Graham/Grahamová | 0 | |
| 7. | Na základě pořadu Banánové ryb... | Banánové chybičky | 0 | |
| 8. | Tato česká herečka neváhala vy... | Pavla Tomicová | 0 | |
| 9. | Podle čeho pojmenovala britská... | A | 1 | |
| 10. | Na fotografii vidíme moderátor... | Oprah Winfrey | 1 |